| 000 | 00341nam a2200145 a 4500 | ||
|---|---|---|---|
| 001 | 3492 | ||
| 003 | CDMR | ||
| 005 | 20130116135245.0 | ||
| 008 | 130130s2001||||||||||||||||||||||||||||d | ||
| 040 |
_aCDMR _bcat _cCPC GIRONA |
||
| 100 | 1 |
_aMesquida, Biel _92506 |
|
| 245 | 1 | 0 |
_aT'estim a tu _cMesquida, Biel |
| 260 |
_c2001 _bEmpúries |
||
| 942 | _cMON | ||
| 999 |
_c3492 _d3492 |
||